|
|
|
|
| LEADER |
01340nam a22002777a 4500 |
| 001 |
AAL8335 |
| 003 |
BD-DhAAL |
| 005 |
20250806132148.0 |
| 008 |
160712r20192012bg ||||| |||| 00| 1 ben d |
| 020 |
|
|
|a 9789844950047
|
| 040 |
|
|
|a BD-DhAAL
|c BD-DhAAL
|
| 041 |
|
|
|a ben
|
| 082 |
|
|
|a 891.4437
|
| 100 |
|
|
|a ইকবাল, মুহম্মদ জাফর.
|9 19773
|
| 245 |
|
|
|a রাতুলের রাত রাতুলের দিন /
|c মুহম্মদ জাফর ইকবাল.
|
| 246 |
|
|
|a Ratuler rat ratuler din
|
| 260 |
|
|
|a ঢাকা :
|b পার্ল পাবলিকেশন্স,
|c ২০১২ [দশম মুদ্রণ ২০১৯].
|
| 300 |
|
|
|a ১০৭ পৃষ্ঠা ;
|c ২২ সে.মি.
|
| 526 |
|
|
|a Residential Campus
|
| 541 |
|
|
|a Development Book Agency
|e 8335, 34849
|
| 650 |
|
|
|a Bengali fiction.
|9 19774
|
| 852 |
|
|
|a Savar Campus Library
|c General Shelf
|
| 942 |
|
|
|2 ddc
|c BK
|
| 999 |
|
|
|c 37647
|d 37647
|
| 952 |
|
|
|0 0
|1 0
|2 ddc
|4 0
|6 891_443700000000000_IQB
|7 0
|9 59214
|a SCL
|b SCL
|c GEN
|d 2016-07-12
|g 150.00
|l 22
|m 43
|o 891.4437 IQB
|p 3020008335
|r 2025-08-31
|s 2025-08-21
|t 1
|w 2016-07-12
|y BK
|
| 952 |
|
|
|0 0
|1 0
|2 ddc
|4 0
|6 891_443700000000000_IQB
|7 0
|9 65696
|a SCL
|b SCL
|c GEN
|d 2019-07-17
|e Development Book Agency
|g 170.00
|l 6
|m 11
|o 891.4437 IQB
|p 3020034849
|r 2025-05-12
|s 2025-04-05
|t 2
|v 170.00
|w 2019-07-17
|y BK
|